UBT Library

LIVING WITH THE SENECAS (Record no. 58827)

000 -LEADER
fixed length control field 00318nam a22001457a 4500
008 - FIXED-LENGTH DATA ELEMENTS--GENERAL INFORMATION
fixed length control field 221109b ||||| |||| 00| 0 eng d
020 ## - INTERNATIONAL STANDARD BOOK NUMBER
International Standard Book Number 9780822559894
041 ## - LANGUAGE CODE
Language code of text/sound track or separate title eng
080 ## - UNIVERSAL DECIMAL CLASSIFICATION NUMBER
Universal Decimal Classification number 159.9
082 ## - DEWEY DECIMAL CLASSIFICATION NUMBER
Classification number 159.9 ALL
100 ## - Rafti
Rafti 25
101 ## - Shkurtesa
Shkurtesa PSI
245 ## - TITLE STATEMENT
Title LIVING WITH THE SENECAS
Statement of responsibility, etc ALLER S
942 ## - ADDED ENTRY ELEMENTS (KOHA)
Source of classification or shelving scheme
Item type Books
Holdings
Withdrawn status Lost status Source of classification or shelving scheme Damaged status Not for loan Collection code Permanent location Current location Date acquired Total Checkouts Full call number Barcode Date last seen Price effective from Koha item type
          Koleksioni i përgjithshem UBT - Lipjan UBT - Lipjan 11/09/2022   159.9 ALL 002-800028700260557 11/09/2022 11/09/2022 Books
          Koleksioni i përgjithshem UBT - Lipjan UBT - Lipjan 11/09/2022   159.9 ALL 002-800028700260558 11/09/2022 11/09/2022 Books
          Koleksioni i përgjithshem UBT - Lipjan UBT - Lipjan 11/09/2022   159.9 ALL 002-800028700260559 11/09/2022 11/09/2022 Books
UBT Library © 2015-2024. All rights reserved University Education for Business and Technology